[Event "Paris Ch"]
[Site "Paris FRA"]
[Date "1989.??.??"]
[Round "1"]
[White "Chernin, Alexander M"]
[Black "Lautier, Joel"]
[Result "1-0"]
[WhiteElo "2580"]
[BlackElo "2450"]
[PlyCount "91"]
[EventDate "1989.05.??"]
[Source "www.chesslib.no"]
[SourceDate "2004.05.04"]

1. c4 Nf6 2. Nc3 g6 3. e4 d6 4. d4 Bg7 5. Nge2 O-O 6. Bg5 a6 7. Qd2 Nbd7 8. Ng3 c6 9. a4 Qa5 10. Ra3 e5 11. d5 Nc5 12. Qc2 Qc7 13. b4 Ncd7 14. a5 cxd5 15. cxd5 b6 16. Bd3 bxa5 17. Rxa5 Rb8 18. Na2 Nc5 19. Rxc5 dxc5 20. bxc5 Qa5+ 21. Bd2 Qa3 22. Bc1 Qa5+ 23. Bd2 Qa3 24. Nc1 Nd7 25. c6 Nc5 26. O-O a5 27. Be3 Nxd3 28. Nxd3 Ba6 29. Rd1 Rfc8 30. Nc5 Bb5 31. Nd7 Ba4 32. Qc1 Qb3 33. Nxb8 Qxd1+ 34. Qxd1 Bxd1 35. d6 Ba4 36. c7 Kf8 37. Ne2 Ke8 38. Nc3 Bd7 39. Nd5 Bc6 40. Bb6 a4 41. Bc5 f5 42. f3 fxe4 43. fxe4 Bf8 44. Kf1 Kf7 45. Nb6 Re8 46. Ke1 1-0

[Event "GEO-ch"]
[Site "?"]
[Date "2001.04.03"]
[Round "3.2"]
[White "Kekelidze Mikheil"]
[Black "Jobava Baadur"]
[Result "0-1"]
[WhiteElo "2512"]
[BlackElo "2518"]
[PlyCount "63"]
[EventDate "2001.??.??"]
[Source "www.chesslib.no"]
[SourceDate "2004.05.04"]

1. d4 Nf6 2. c4 g6 3. Nc3 Bg7 4. e4 d6 5. Nge2 O-O 6. Ng3 e5 7. d5 c5 8. Be2 a6 9. Bg5 h6 10. Bd2 h5 11. Bg5 Qb6 12. Qd2 Nh7 13. h4 Nd7 14. Bxh5 gxh5 15. Nxh5 Bh8 16. Rh3 f5 17. exf5 e4 18. Rg3 Kf7 19. Bh6 Rg8 20. Nxe4 Ne5 21. Rb1 Bd7 22. Rxg8 Rxg8 23. Nhg3 Rg4 24. f4 Rxh4 25. fxe5 Bxe5 26. Kf2 Bxf5 27. Nxf5 Rxe4 28. Rf1 Qb4 29. Kg1 Qxd2 30. Bxd2 Kg6 31. Ne7+ Kh5 32. Rf5+ 0-1

[Event "76th ch-UKR Final"]
[Site "Kharkiv UKR"]
[Date "2007.11.24"]
[Round "8"]
[White "Zubov, A UKR."]
[Black "Onischuk, V."]
[Result "1/2-1/2"]
[WhiteElo "2556"]
[BlackElo "2469"]
[PlyCount "158"]
[EventDate "2007.11.17"]
[Source "www.chesslib.no"]
[SourceDate "2004.05.04"]

1. d4 Nf6 2. c4 g6 3. Nc3 Bg7 4. e4 d6 5. Nge2 O-O 6. Ng3 e5 7. d5 c6 8. Be2 a6 9. O-O cxd5 10. cxd5 Nbd7 11. Be3 h5 12. Rc1 b5 13. Bg5 Bb7 14. b4 Qe8 15. a4 Nh7 16. Bd2 h4 17. Nh1 bxa4 18. Nxa4 f5 19. f3 Ndf6 20. Rc7 Qb8 21. Qc2 Qa7+ 22. Nf2 Rac8 23. Rxc8 Bxc8 24. Qd3 Nh5 25. Qe3 Qe7 26. Nb6 Nf4 27. Rc1 Bb7 28. Bf1 Nf6 29. Qc3 Rf7 30. Nc4 N6h5 31. Na5 Ba8 32. Be3 fxe4 33. fxe4 Qg5 34. Qc8+ Kh7 35. Qg4 Qf6 36. Bxa6 Bh6 37. Rf1 Qe7 38. b5 Nf6 39. Qf3 N6xd5 40. Bc1 Nc7 41. Bxf4 Bxf4 42. Qh3 Bg5 43. Nc4 Qf8 44. Qd3 Be7 45. Nd2 Ne6 46. b6 Nc5 47. Qe2 Bd8 48. Bc4 Rf4 49. g3 Rf6 50. Rb1 d5 51. Bxd5 Bxd5 52. exd5 Bxb6 53. Nc4 Na4 54. Nxb6 Nxb6 55. Ne4 hxg3 56. Nxf6+ Qxf6 57. Rd1 gxh2+ 58. Qxh2+ Kg7 59. d6 Nd7 60. Qh3 Qf5 61. Qh4 Qf6 62. Qg3 Qe6 63. Rd2 Qf6 64. Qe3 Qf5 65. Qc3 Qg4+ 66. Kf1 Qf5+ 67. Rf2 Qb1+ 68. Ke2 Qb5+ 69. Qd3 Qb2+ 70. Kf1 Qc1+ 71. Kg2 Qc6+ 72. Kh2 Qb6 73. Kg2 Qc6+ 74. Kg3 Nc5 75. Rc2 Qxd6 76. Qxd6 Ne4+ 77. Kg4 Nxd6 78. Rc6 Nf7 79. Re6 Kh6 1/2-1/2

[Event "Belgrade TS04 GM"]
[Site "Belgrade"]
[Date "2001.04.28"]
[Round "8"]
[White "Narciso Dublan, Marc"]
[Black "Mozetic, Dejan"]
[Result "0-1"]
[WhiteElo "2544"]
[BlackElo "2480"]
[PlyCount "92"]
[EventDate "2001.04.21"]
[Source "ChessBase"]
[SourceDate "2001.07.03"]

1. d4 Nf6 2. c4 g6 3. Nc3 Bg7 4. e4 d6 5. Nge2 O-O 6. Ng3 e5 7. d5 a5 8. Be2 Na6 9. h4 h5 10. Bg5 Qe8 11. Qd2 Nh7 12. Bh6 f5 13. exf5 Bxf5 14. Nxf5 gxf5 15. Bxg7 Kxg7 16. f4 e4 17. Nb5 a4 18. b4 axb3 19. axb3 Qg6 20. Qc3+ Kh6 21. O-O-O Rf6 22. Rhg1 c6 23. dxc6 bxc6 24. Nd4 c5 25. Nc2 Nb4 26. Nxb4 cxb4 27. Qxb4 Ra2 28. g4 hxg4 29. Rg2 Re6 30. Kb1 Ra8 31. Rd5 Qf6 32. Ra5 Rxa5 33. Qxa5 Nf8 34. h5 Re7 35. Qb6 Ne6 36. Bd1 Nc5 37. Rd2 Re6 38. Be2 e3 39. Rd1 Ne4 40. Re1 d5 41. Qb8 Ra6 42. Qe5 Qxe5 43. fxe5 d4 44. c5 Nc3+ 45. Kc2 Nxe2 46. Rxe2 f4 0-1

[Event "ESP-ch"]
[Site "Barcelona"]
[Date "2000.08.25"]
[Round "7"]
[White "Narciso Dublan, Marc"]
[Black "Moreno Carnero, Javier"]
[Result "1/2-1/2"]
[WhiteElo "2507"]
[BlackElo "2515"]
[PlyCount "28"]
[EventDate "2000.08.18"]
[Source "ChessBase"]
[SourceDate "2000.09.14"]

1. d4 Nf6 2. c4 g6 3. Nc3 Bg7 4. e4 d6 5. Nge2 O-O 6. Ng3 h5 7. Be2 e5 8. d5 h4 9. Nf1 Nh7 10. h3 Nd7 11. Nh2 f5 12. Be3 Ndf6 13. Bd3 fxe4 14. Nxe4 Nh5 1/2-1/2

[Event "2. Torneo Internacional d"]
[Site "2. Torneo Internacional d"]
[Date "1992.??.??"]
[Round "?"]
[White "Novikov, Igor A"]
[Black "Hernandez, G."]
[Result "1-0"]
[WhiteElo "2550"]
[BlackElo "2470"]
[PlyCount "93"]
[EventDate "1992.??.??"]
[Source "www.chesslib.no"]
[SourceDate "2004.05.04"]

1. d4 Nf6 2. c4 g6 3. Nc3 Bg7 4. e4 d6 5. Nge2 O-O 6. Ng3 e5 7. d5 a5 8. Be2 Na6 9. h4 c6 10. h5 cxd5 11. cxd5 Nc5 12. a4 Bd7 13. Ra3 Rc8 14. Be3 Qb6 15. hxg6 fxg6 16. f3 Qb4 17. O-O Qb6 18. Rf2 Rf7 19. Bb5 h5 20. Nf1 Bf8 21. Bxd7 Nfxd7 22. Nb5 Be7 23. Nd2 Qd8 24. Rc3 Qf8 25. Nc4 b6 26. b3 g5 27. Qc1 Rg7 28. Na7 Ra8 29. Nc6 Rg6 30. Bxc5 bxc5 31. N4xa5 Bf6 32. Nc4 g4 33. fxg4 hxg4 34. Qd1 Qh6 35. g3 Bg5 36. Qxg4 Qg7 37. Qh3 Nf6 38. Rcf3 Bf4 39. Rg2 Bh6 40. a5 Nh7 41. Qh5 Bg5 42. Rgf2 Bf6 43. Nxd6 Rh6 44. Qf5 Ng5 45. Kg2 Nxf3 46. Rxf3 Bg5 47. Qf7+ 1-0

[Event "Veterans-Women"]
[Site "Monte Carlo"]
[Date "1994.??.??"]
[Round "10"]
[White "Hort, Vlastimil"]
[Black "Arakhamia Grant, Ketevan"]
[Result "1-0"]
[WhiteElo "2535"]
[BlackElo "2485"]
[PlyCount "81"]
[EventDate "1994.06.??"]
[Source "ChessBase"]

1. d4 Nf6 2. c4 g6 3. Nc3 Bg7 4. e4 d6 5. Nge2 O-O 6. Ng3 c5 7. d5 e6 8. Be2 exd5 9. exd5 Re8 10. O-O Nbd7 11. Bf4 Ne5 12. Qd2 a6 13. Bg5 Bf5 14. f4 Ned7 15. Nxf5 gxf5 16. Bd3 Nb6 17. Rf3 Qc7 18. Bxf6 Bxf6 19. b3 Bd4+ 20. Kh1 Qd7 21. Raf1 Nc8 22. Ne2 Bf6 23. Ng3 Ne7 24. Qc2 b5 25. Bxf5 Nxf5 26. Nxf5 bxc4 27. Rg3+ Kh8 28. Rh3 cxb3 29. axb3 Rg8 30. Nxd6 Rg6 31. Ne4 Bd4 32. f5 Rg4 33. f6 Rg6 34. Ng5 Kg8 35. Nxh7 Qxd5 36. Qe2 Qc6 37. Qc2 Qb5 38. Qf5 Qe2 39. Ng5 Re8 40. Rh8+ Kxh8 41. Qh3+ 1-0

[Event "Belgrade IKO"]
[Site "Belgrade"]
[Date "1992.??.??"]
[Round "4"]
[White "Levin, Felix"]
[Black "Popovic, Petar"]
[Result "1/2-1/2"]
[WhiteElo "2475"]
[BlackElo "2535"]
[PlyCount "67"]
[EventDate "1992.07.??"]
[Source "ChessBase"]

1. d4 Nf6 2. c4 g6 3. Nc3 Bg7 4. e4 d6 5. Nge2 O-O 6. Ng3 e5 7. d5 c6 8. Be2 cxd5 9. cxd5 Nbd7 10. O-O a5 11. Be3 Nc5 12. a3 h5 13. Qc2 h4 14. Nh1 Ng4 15. Bxg4 Bxg4 16. f3 Bd7 17. b4 Na6 18. Rab1 axb4 19. axb4 Rc8 20. Qd2 f5 21. h3 Rc4 22. b5 Nc5 23. Nf2 Qa8 24. Rfc1 Rc8 25. Qa2 Qxa2 26. Nxa2 Rxc1+ 27. Nxc1 Bf6 28. Nb3 Nxb3 29. Rxb3 Bd8 30. b6 f4 31. Bd2 Rc2 32. Be1 Kf7 33. Nd3 Ba4 34. Rb4 1/2-1/2

[Event "Kuban Spring"]
[Site "?"]
[Date "2002.04.??"]
[Round "?"]
[White "Poluljahov Aleksandr"]
[Black "Nadyrhanov Sergey"]
[Result "1/2-1/2"]
[WhiteElo "2533"]
[BlackElo "2477"]
[PlyCount "33"]
[EventDate "2002.??.??"]
[Source "www.chesslib.no"]
[SourceDate "2004.05.04"]

1. d4 Nf6 2. c4 g6 3. Nc3 Bg7 4. e4 d6 5. Nge2 O-O 6. Ng3 e5 7. d5 a5 8. h4 c6 9. h5 cxd5 10. cxd5 Na6 11. Be2 Nc5 12. a4 Bd7 13. Be3 Qb6 14. Nb5 Rfc8 15. f3 Ne8 16. Rc1 Bf8 17. hxg6 1/2-1/2

[Event "New York Enhance"]
[Site "New York, NY USA"]
[Date "1993.??.??"]
[Round "8"]
[White "Berkovich, Dmitry"]
[Black "Fedorowicz, John P"]
[Result "1/2-1/2"]
[WhiteElo "2465"]
[BlackElo "2545"]
[PlyCount "79"]
[EventDate "1993.??.??"]
[Source "www.chesslib.no"]
[SourceDate "2004.05.04"]

1. c4 Nf6 2. Nc3 g6 3. e4 d6 4. d4 Bg7 5. Nge2 c5 6. d5 b5 7. cxb5 a6 8. Ng3 h5 9. bxa6 O-O 10. Be2 Qa5 11. O-O h4 12. Nh1 h3 13. g4 Bxa6 14. Ng3 Bxe2 15. Qxe2 Qa6 16. Qd1 Nfd7 17. f4 Qc4 18. Rf3 Na6 19. Bd2 Nb4 20. b3 Qa6 21. Nf1 Bd4+ 22. Kh1 Nf6 23. Ne3 Nd3 24. Qf1 Bxc3 25. Bxc3 Nxe4 26. Nc4 Nxf4 27. Rxf4 Nxc3 28. Qd3 Nxa2 29. Qxh3 Qb7 30. Rd1 Nb4 31. Ne3 e5 32. Rf6 Ra3 33. Qh6 Qe7 34. Qg5 Qb7 35. Nf5 Nxd5 36. Nxd6 Qxb3 37. Rxg6+ fxg6 38. Qxg6+ Kh8 39. Qh6+ Kg8 40. Qg6+ 1/2-1/2

[Event "Kecskemet"]
[Site "Kecskemet"]
[Date "1992.??.??"]
[Round "7"]
[White "Arkhipov, Sergey"]
[Black "Groszpeter, Attila"]
[Result "1/2-1/2"]
[WhiteElo "2515"]
[BlackElo "2495"]
[PlyCount "46"]
[EventDate "1992.04.??"]
[Source "ChessBase"]

1. c4 g6 2. e4 Bg7 3. d4 d6 4. Nc3 Nf6 5. Nge2 O-O 6. Ng3 e5 7. d5 a5 8. Be2 Na6 9. h4 c6 10. h5 cxd5 11. cxd5 Bd7 12. Be3 Rc8 13. f3 Be8 14. Qd2 Nxh5 15. Nxh5 gxh5 16. Rxh5 f5 17. Rxf5 Qh4+ 18. Bf2 Qh1+ 19. Bf1 Rxf5 20. exf5 Nb4 21. Be3 Qh4+ 22. Bf2 Qh1 23. Be3 Qh4+ 1/2-1/2

[Event "Manila ol (Men)"]
[Site "Manila PHI"]
[Date "1992.??.??"]
[Round "?"]
[White "Rivas Pastor, Manuel"]
[Black "Brunner, Lucas"]
[Result "0-1"]
[WhiteElo "2505"]
[BlackElo "2500"]
[PlyCount "154"]
[EventDate "1992.06.??"]
[Source "www.chesslib.no"]
[SourceDate "2004.05.04"]

1. c4 g6 2. d4 Bg7 3. Nc3 Nf6 4. e4 d6 5. Nge2 c6 6. Bg5 a6 7. a4 a5 8. f3 Na6 9. Qd2 O-O 10. Rd1 Qc7 11. Nc1 Re8 12. Be2 Nd7 13. O-O e5 14. Be3 Nb4 15. Rf2 Nf8 16. Nb3 Bd7 17. d5 Red8 18. dxc6 Bxc6 19. Nd5 Bxd5 20. cxd5 Rdc8 21. Rc1 Qd8 22. Rff1 Bf6 23. Bb5 b6 24. Rxc8 Rxc8 25. Rc1 Rb8 26. Na1 Nd7 27. Nc2 Nxc2 28. Rxc2 Nc5 29. Rc3 h5 30. g3 Kh7 31. Kg2 Bg7 32. Qc2 Bh6 33. Bf2 Qg5 34. Rc4 Rf8 35. b4 axb4 36. Rxb4 Qd2 37. Qxd2 Bxd2 38. Rb1 Rc8 39. Bc6 Ba5 40. Bxc5 dxc5 41. f4 f6 42. Kf3 Kg7 43. Ke2 c4 44. Rc1 c3 45. Rf1 g5 46. Kd3 exf4 47. gxf4 gxf4 48. Rxf4 Rd8 49. h4 Kg6 50. Rf1 Kg7 51. Kc2 Rc8 52. Kb3 Rd8 53. Rf3 Rc8 54. Rf5 Kg6 55. Rf2 Rd8 56. Rf3 Kg7 57. Rf5 Kg6 58. Rf2 Kg7 59. Kc4 Kg6 60. Kd3 Kg7 61. Kc2 Kg6 62. Kb3 Kg7 63. Kc4 Kg6 64. Kb5 Kf7 65. e5 Ke7 66. e6 Rg8 67. Re2 f5 68. Ka6 f4 69. Bb5 f3 70. Rf2 Rf8 71. Bd3 Kd6 72. Bg6 Bb4 73. Bf7 Rc8 74. Bg6 Kxd5 75. Bc2 Rf8 76. Bb3+ Kc6 77. Ka7 Bc5 0-1

[Event "Ibercaja Open"]
[Site "Zaragoza"]
[Date "1992.??.??"]
[Round "?"]
[White "Hoffman, Alejandro S"]
[Black "Ubilava, Elizbar E"]
[Result "1/2-1/2"]
[WhiteElo "2445"]
[BlackElo "2560"]
[PlyCount "91"]
[EventDate "1992.??.??"]
[Source "www.chesslib.no"]
[SourceDate "2004.05.04"]

1. d4 Nf6 2. c4 g6 3. Nc3 Bg7 4. e4 d6 5. Nge2 c6 6. Ng3 Nbd7 7. Be2 a6 8. O-O b5 9. a3 O-O 10. Be3 Rb8 11. Rb1 e5 12. d5 cxd5 13. cxd5 h5 14. Re1 Nb6 15. h3 Bd7 16. b4 Rc8 17. Rc1 Nc4 18. Bxc4 Rxc4 19. Qd3 h4 20. Nf1 Nh5 21. Nd2 Rc8 22. Ne2 f5 23. Rxc8 Qxc8 24. Rc1 Qb8 25. f3 Bf6 26. Bf2 Bg5 27. Rc3 Rc8 28. Nb3 fxe4 29. fxe4 Rxc3 30. Qxc3 Qc8 31. Qxc8+ Bxc8 32. Bb6 Nf6 33. Nc3 Kf7 34. Kf2 Bf4 35. Be3 Bxe3+ 36. Kxe3 g5 37. Nd2 g4 38. hxg4 Nxg4+ 39. Ke2 Kg6 40. a4 Bd7 41. axb5 axb5 42. Ndb1 Kg5 43. Na3 Kf4 44. Naxb5 Bxb5+ 45. Nxb5 Kxe4 46. Nxd6+ 1/2-1/2

[Event "Jugoslavija (ch)"]
[Site "?"]
[Date "1999.??.??"]
[Round "?"]
[White "Kosic, D."]
[Black "Antic, D."]
[Result "1/2-1/2"]
[WhiteElo "2525"]
[BlackElo "2475"]
[PlyCount "37"]
[EventDate "1999.??.??"]
[Source "Chess Informant"]
[SourceDate "1999.06.01"]

1. d4 Nf6 2. c4 g6 3. Nc3 Bg7 4. e4 d6 5. Nge2 O-O 6. Ng3 a6 7. Be2 h5 8. Bg5 Nbd7 9. Qd2 c6 10. O-O b5 11. cxb5 axb5 12. b4 Nb6 13. Rfc1 Be6 14. Bh6 h4 15. Nf1 Bc4 16. Bxg7 Kxg7 17. Ne3 Bxe2 18. Qxe2 Qd7 19. Rc2 1/2-1/2

[Event "It \"]
[Site "Neuhausen (Germany)"]
[Date "2007.06.09"]
[Round "8"]
[White "Ovsejevitsch Sergei (UKR)"]
[Black "Mutschnik Ilia (GER)"]
[Result "1-0"]
[WhiteElo "2551"]
[BlackElo "2445"]
[PlyCount "55"]
[EventDate "2007.??.??"]
[Source "www.chesslib.no"]
[SourceDate "2004.05.04"]

1. d4 Nf6 2. c4 g6 3. Nc3 Bg7 4. e4 d6 5. Nge2 O-O 6. Ng3 c5 7. d5 e5 8. Be2 Ne8 9. O-O Nd7 10. Qc2 h5 11. Be3 Nb8 12. Bd3 h4 13. Nge2 b6 14. Qd2 a6 15. Rab1 a5 16. Nb5 f5 17. Bg5 Bf6 18. Bh6 Bg7 19. Bxg7 Kxg7 20. f4 exf4 21. Nxf4 g5 22. Qc3+ Kh6 23. Ne6 Bxe6 24. dxe6 f4 25. e5 Nc6 26. Be4 Rc8 27. Bxc6 Rxc6 28. Qf3 1-0

[Event "Elista ol (Men)"]
[Site "Elista"]
[Date "1998.10.03"]
[Round "5"]
[White "Hoffman, Alejandro"]
[Black "Mohr, Georg"]
[Result "1/2-1/2"]
[WhiteElo "2525"]
[BlackElo "2470"]
[PlyCount "123"]
[EventDate "1998.09.29"]
[Source "ChessBase"]
[SourceDate "1998.11.06"]

1. d4 Nf6 2. c4 g6 3. Nc3 Bg7 4. e4 d6 5. Nge2 O-O 6. Ng3 c5 7. d5 e6 8. Be2 exd5 9. exd5 Nbd7 10. O-O Ne8 11. Bd2 Qh4 12. Nge4 h6 13. g3 Qe7 14. f4 f5 15. Nf2 Nc7 16. a4 b6 17. Qc2 Nf6 18. Rae1 a6 19. g4 Qf7 20. Bd3 Nh7 21. Re3 Bd7 22. Rg3 Kh8 23. Ncd1 b5 24. b3 bxa4 25. bxa4 Rab8 26. Kh1 Nf6 27. Rfg1 Nxg4 28. Nxg4 fxg4 29. Bxg6 Qf6 30. Bd3 h5 31. Nc3 Qd4 32. f5 Qf6 33. Ne4 Qxf5 34. Nxc5 Qf7 35. Nxd7 Qxd7 36. Bc3 Bxc3 37. Qxc3+ Qg7 38. Qxg7+ Kxg7 39. h3 Kf6 40. hxg4 hxg4 41. Rxg4 Rh8+ 42. Kg2 Rbg8 43. Kf3 Rh3+ 44. Ke4 Rxg4+ 45. Rxg4 a5 46. Kd4 Na6 47. Rg6+ Ke7 48. Re6+ Kd7 49. Bf5 Rf3 50. Ke4 Rf1 51. Rh6+ Kc7 52. Rh7+ Kb6 53. Bd7 Nc5+ 54. Ke3 Re1+ 55. Kd2 Ra1 56. Bb5 Ra3 57. Rh8 Ne4+ 58. Ke2 Kc5 59. Ra8 Kb4 60. Rc8 Nc3+ 61. Kd2 Ne4+ 62. Ke2 1/2-1/2

[Event "Hastings Challengers 9091"]
[Site "Hastings"]
[Date "1990.??.??"]
[Round "?"]
[White "Serper, Grigory"]
[Black "Mestel, A Jonathan"]
[Result "1-0"]
[WhiteElo "2485"]
[BlackElo "2505"]
[PlyCount "63"]
[EventDate "1990.12.??"]
[Source "ChessBase"]

1. c4 g6 2. e4 Bg7 3. d4 d6 4. Nc3 Nf6 5. Nge2 O-O 6. Ng3 c6 7. Be2 e5 8. d5 a5 9. h4 h5 10. Bg5 Qb6 11. Qd2 Nbd7 12. Be3 Qc7 13. O-O-O cxd5 14. Nxd5 Nxd5 15. Qxd5 Ra6 16. Kb1 Rc6 17. Qd2 Nf6 18. Bh6 Be6 19. Bxg7 Kxg7 20. Nf5+ gxf5 21. Qg5+ Kh7 22. exf5 Bxc4 23. Bxc4 Rxc4 24. Qxf6 Qd8 25. Qg5 Qxg5 26. hxg5 Rf4 27. Rxh5+ Kg7 28. Rdh1 Rg8 29. Rh7+ Kf8 30. g6 Rg7 31. f6 Rxg6 32. Rh8+ 1-0